书目信息 |
| 题名: |
中草药有效成分分析法
|
|
| 作者: | 沙世炎 等编著 | |
| 分册: | 上册 | |
| 出版信息: | 北京 人民卫生出版社 1982-1984 |
|
| 页数: | 275页 | |
| 开本: | 25cm | |
| 丛书名: | ||
| 单 册: | ||
| 中图分类: | R284.1 | |
| 科图分类: | ||
| 主题词: | 中草药-中药化学成分--分析方法 , 中药化学成分-中草药--分析方法 | |
| 电子资源: | ||
| ISBN: | ||
| 000 | 00699nam0 2200241 45 | |
| 001 | 0182009657 | |
| 005 | 20060816091645.59 | |
| 010 | @dCNY1.80 | |
| 091 | @aCN@b14048.4140 | |
| 100 | @a19950619f19821984emky0chiy0121 ea | |
| 101 | 0 | @achi |
| 102 | @aCN@b110000 | |
| 105 | @ay z 000yy | |
| 200 | 10 | @a中草药有效成分分析法@Azhong cao yao you xiao cheng fen fen xi fa@f沙世炎等编著@h上册 |
| 210 | @a北京@c人民卫生出版社@d1982-1984 | |
| 215 | @a275页@d25cm | |
| 606 | @a中草药-中药化学成分@x分析方法 | |
| 606 | @a中药化学成分-中草药@x分析方法 | |
| 690 | @aR284.1@v3 | |
| 701 | 0 | @a沙世炎@Asha shi yan@4等编著 |
| 801 | 2 | @aCN@bNLC@c20060816 |
| 801 | 0 | @aCN@bTSSF |
| 905 | @a10447@dR284.1@e166:1 | |
| 中草药有效成分分析法/沙世炎等编著.上册.-北京:人民卫生出版社,1982-1984 |
| 275页;25cm |
| ISBN :CNY1.80 |
| ● |
| 相关链接 |
|
|
|
|
正题名:中草药有效成分分析法
索取号:R284.1/166:1
 
预约/预借
| 序号 | 登录号 | 条形码 | 馆藏地/架位号 | 状态 | 备注 |
| 1 | 0458642 | 204586420 | 密集书库/ [索取号:R284.1/166:1] | 在馆 |